Development and Environment

Rather than a loosely connected list of facts/topics, this book addresses virtually every field that involves the use of developing animals in environmental science. In doing so, it will help define the scientific collective within these fields to both those readers who are "outside" of a...

Πλήρης περιγραφή

Λεπτομέρειες βιβλιογραφικής εγγραφής
Συγγραφή απο Οργανισμό/Αρχή: SpringerLink (Online service)
Άλλοι συγγραφείς: Burggren, Warren (Επιμελητής έκδοσης, http://id.loc.gov/vocabulary/relators/edt), Dubansky, Benjamin (Επιμελητής έκδοσης, http://id.loc.gov/vocabulary/relators/edt)
Μορφή: Ηλεκτρονική πηγή Ηλ. βιβλίο
Γλώσσα:English
Έκδοση: Cham : Springer International Publishing : Imprint: Springer, 2018.
Έκδοση:1st ed. 2018.
Θέματα:
Διαθέσιμο Online:Full Text via HEAL-Link
LEADER 03909nam a2200493 4500
001 978-3-319-75935-7
003 DE-He213
005 20191023221517.0
007 cr nn 008mamaa
008 180924s2018 gw | s |||| 0|eng d
020 |a 9783319759357  |9 978-3-319-75935-7 
024 7 |a 10.1007/978-3-319-75935-7  |2 doi 
040 |d GrThAP 
050 4 |a QH491 
072 7 |a PSC  |2 bicssc 
072 7 |a SCI072000  |2 bisacsh 
072 7 |a PSC  |2 thema 
082 0 4 |a 571.8  |2 23 
245 1 0 |a Development and Environment  |h [electronic resource] /  |c edited by Warren Burggren, Benjamin Dubansky. 
250 |a 1st ed. 2018. 
264 1 |a Cham :  |b Springer International Publishing :  |b Imprint: Springer,  |c 2018. 
300 |a XIV, 467 p. 72 illus., 48 illus. in color.  |b online resource. 
336 |a text  |b txt  |2 rdacontent 
337 |a computer  |b c  |2 rdamedia 
338 |a online resource  |b cr  |2 rdacarrier 
347 |a text file  |b PDF  |2 rda 
505 0 |a Introduction -- Current Trends and Perspectives in Environmental Developmental Physiology -- Experimental Approaches -- Section Introduction -- The Opportunities and Limitations of Laboratory versus Field Approaches -- Adverse Outcome Pathways and Systems Integration -- Multivariate Experimental Designs in Environmental Developmental Physiology -- Emerging Data Bases and Data Management Plans -- Case Study: Research Consortia and the Art of Collaboration -- Multiple environmental stressors, their interactions and the complex responses they evoke -- Section Introduction -- Multiple Stressor Interactions -- Multiple System Interactions -- Integrated Responses from the Molecular to the Population Level -- Case Study: Developmental Physiology at High Altitude -- Plasticity in developmental time and space -- Section Introduction -- Active and Passive Responses to the Environment in Developing Animals: Costs and Benefits -- Epigenetics in Environmental Developmental Physiology -- Developmental Windows -- Developmental Plasticity and Heterokairy -- Case Study: Larval Development in Fishes. 
520 |a Rather than a loosely connected list of facts/topics, this book addresses virtually every field that involves the use of developing animals in environmental science. In doing so, it will help define the scientific collective within these fields to both those readers who are "outside" of a particular field (students and professionals alike) and those who work within said field, where multiple iterations of the same job description exist. Both the content and choice of authors fully support this goal, as the editors and contributing authors represent contemporary thought and experimentation in their respective fields - ranging from developmental physiology through environmental toxicology to medicine. As such, this work will appeal to a broad audience, including any scientist or trainee interested in the nexus of environment, development and physiology. 
650 0 |a Developmental biology. 
650 0 |a Animal physiology. 
650 0 |a Ecotoxicology. 
650 1 4 |a Developmental Biology.  |0 http://scigraph.springernature.com/things/product-market-codes/L18000 
650 2 4 |a Animal Physiology.  |0 http://scigraph.springernature.com/things/product-market-codes/L33030 
650 2 4 |a Ecotoxicology.  |0 http://scigraph.springernature.com/things/product-market-codes/U25001 
700 1 |a Burggren, Warren.  |e editor.  |4 edt  |4 http://id.loc.gov/vocabulary/relators/edt 
700 1 |a Dubansky, Benjamin.  |e editor.  |4 edt  |4 http://id.loc.gov/vocabulary/relators/edt 
710 2 |a SpringerLink (Online service) 
773 0 |t Springer eBooks 
776 0 8 |i Printed edition:  |z 9783319759333 
776 0 8 |i Printed edition:  |z 9783319759340 
776 0 8 |i Printed edition:  |z 9783030093570 
856 4 0 |u https://doi.org/10.1007/978-3-319-75935-7  |z Full Text via HEAL-Link 
912 |a ZDB-2-SBL 
950 |a Biomedical and Life Sciences (Springer-11642)